E-Banking. (Record no. 56650)

MARC details
000 -LEADER
fixed length control field 00394nam a2200157Ia 4500
082 ## - DEWEY DECIMAL CLASSIFICATION NUMBER
Classification number R/2CS10
100 ## - MAIN ENTRY--AUTHOR NAME
Personal name Shahnila Shah
100 ## - MAIN ENTRY--AUTHOR NAME
Personal name Roll No. 10CS05
100 ## - MAIN ENTRY--AUTHOR NAME
Personal name Supervisor - Engr. Fozia Noureen
245 #0 - TITLE STATEMENT
Title E-Banking.
260 ## - PUBLICATION, DISTRIBUTION, ETC. (IMPRINT)
Place of publication Nawabshah
Name of publisher QUEST
Year of publication 2014
300 ## - PHYSICAL DESCRIPTION
Number of Pages 67p
700 ## - ADDED ENTRY--PERSONAL NAME
Personal name Shmaila Shaikh (Roll No. 10CS02)
700 ## - ADDED ENTRY--PERSONAL NAME
Personal name Anam Shah (Roll No. 10CS08)
942 ## - ADDED ENTRY ELEMENTS (KOHA)
Koha item type Thesis and Dissertation
Holdings
Withdrawn status Lost status Home library Current library Date acquired Full call number Accession Number Koha item type
    Research Section Research Section 15/12/2016 R/2CS10 10CS-T124 Thesis and Dissertation